01609pab a2200169 454500008004000000100002900040245010200069260000900171300001500180362001200195520109200207650003301299650002601332700001501358700001501373773005101388180718b2013 xxu||||| |||| 00| 0 eng d aRahman, Mohammad Habibur aPublic sector reforms in Fiji: Examining policy implementation setting and administrative culture c2013 ap.982-995. aOct-Dec aFor many years, public management reform has been an evolving concept. New Public Management (NPM) and Good Governance have been the two ground-breaking ideas, generating colossal discourse over the past three decades. Inspired by NPM-led policy changes in the developed world, many developing countries have lately joined the reform bandwagon but achieved limited success. Policy analysts observe that the policy planners in the developing world seem to have spent more resources in policymaking than addressing the policy implementation challenges. Also, the policy transfer effort ignored the issue of administrative culture. Focusing on Fiji, this article examines how the country's recent public sector reform initiatives have largely failed to bring about expected results. Based on the case studies of two organizations, it explains that the success and failure of policy change occurs in several ways, manifesting multiple challenges including a lack of well-prepared implementation framework and culture change. - Reproduced. aAdministrative reform - Fiji aAdministrative reform aNand, Alka aNaz, Rafia aInternational Journal of Public Administration